[Event "Titled Tue 6th Dec Late"]
[Site "chess.com INT"]
[Date "2022.12.06"]
[Round "9"]
[White "Melkumyan, H."]
[Black "Andreikin, D."]
[Result "0-1"]
[WhiteElo "2645"]
[BlackElo "2729"]
[PlyCount "146"]
[EventDate "2022.12.06"]

1. d4 d5 2. c4 e6 3. Nf3 a6 4. cxd5 exd5 5. Nc3 Nf6 6. Bg5 Be6 7. e3 Nbd7 8. h3 Bd6 9. Bd3 c6 10. O-O O-O 11. Qc2 ({RR} 11. Re1 Qc7 12. Qd2 Rfe8 13. Bf4 Nb6 14. b3 h6 15. Rac1 Qe7 16. Bxd6 Qxd6 17. Ne5 Rac8 18. Bb1 Rc7 19. Ne2 Ne4 20. Qa5 Nc8 21. Nf4 Rce7 22. Bxe4 dxe4 23. Red1 Qd8 24. Qc5 Bd5 25. Nxd5 cxd5 {Le,Q (2731)-Caruana,F (2795) Saint Louis USA 2023 0-1 (46)}) ({RR} 11. Bf4 Qc7 12. Qd2 h6 13. Rac1 Rfe8 14. Rfe1 Nh5 15. Bxd6 Qxd6 16. Na4 Nhf6 17. Qc2 g6 18. b4 Kh7 19. Nc5 b5 20. a3 Nb6 21. Ne5 Nc4 22. Bxg6+ {1-0 (22) Decuigniere,T (2370)-Python,N (2026) Geneva SUI 2025}) ({RR} 11. Nd2 h6 12. Bh4 c5 13. Kh1 cxd4 14. exd4 Qb6 15. Nb3 Rfe8 16. Rc1 Rac8 17. f4 g6 18. f5 gxf5 19. Bxf5 Bf8 20. Bxe6 Qxe6 21. Nc5 Bxc5 22. dxc5 Rxc5 23. Qf3 Rc6 24. Qg3+ Kh7 25. Rce1 Ne4 {Andreikin,D (2729)-Pichot,A (2642) chess.com INT 2023 1-0}) 11... Qb8 $146 ({RR} 11... Qc7 12. Rab1 h6 13. Bxf6 Nxf6 14. b4 Qe7 15. a3 b5 16. Ne2 Rfc8 17. Nc1 a5 18. Ne5 axb4 19. axb4 Ra6 20. Qb2 Ra4 21. Na2 Bxe5 22. dxe5 Nd7 23. f4 Nb6 24. Rf3 d4 25. Nc1 dxe3 26. Rxe3 {Kuchava,A (2101)-Raahul,V (2333) Chess.com INT 2022 0-1 (40)}) 12. Ne2 Re8 13. Bf4 Nf8 14. b4 Ng6 15. Bxd6 Qxd6 16. Qc5 Qd7 17. Ne5 Qc8 18. f4 Bf5 19. Bxf5 Qxf5 20. Ng3 Qc8 21. Qc2 Qd8 22. a4 Ne7 23. Rab1 Nc8 24. b5 cxb5 25. axb5 a5 26. Rfc1 Nd6 27. b6 a4 28. Ra1 Qxb6 29. Rxa4 Rac8 30. Qb1 Rxc1+ 31. Qxc1 h5 32. Ra1 h4 33. Nf1 Rc8 34. Qe1 Nf5 35. Rb1 Qa6 36. Nf3 Rc2 37. Rc1 Rxc1 38. Qxc1 Qc4 39. Qb1 Qc8 40. Ng5 g6 41. Qb6 Kg7 42. Qb4 Qc7 43. Qb5 Qc6 44. Qb4 b5 45. Qa3 Qb7 46. Qb4 Qa6 47. Qc3 Qa7 48. Qb4 Qb7 49. Kh2 Ne4 50. Nxe4 dxe4 51. Kg1 Ne7 52. Nd2 Nd5 53. Qb3 Nf6 54. Qb2 b4 55. d5 Qxd5 56. Qxb4 Qd3 57. Qd4 Qxd4 58. exd4 e3 59. Nc4 Nd5 60. Kf1 Kf6 61. Ke2 Nxf4+ 62. Kf3 e2 63. Kf2 g5 64. Ne5 e1=Q+ 65. Kxe1 Nxg2+ 66. Kf2 Nf4 67. Ng4+ Kf5 68. Ne3+ Ke4 69. d5 Nxh3+ 70. Kf1 Kxe3 71. d6 Nf4 72. d7 Ne6 73. d8=Q Nxd8 0-1

[Event "Titled Tue 18th Nov 2025"]
[Site "chess.com INT"]
[Date "2025.11.18"]
[Round "4"]
[White "Nakamura, Hi"]
[Black "Bluebaum, M."]
[Result "1-0"]
[WhiteElo "2813"]
[BlackElo "2680"]
[PlyCount "142"]
[EventDate "2025.11.18"]

1. c4 e6 2. Nf3 d5 3. d4 Nf6 4. Bg5 Bb4+ 5. Nbd2 h6 6. Bxf6 Qxf6 7. Qa4+ ({RR} 7. e3 O-O 8. Rc1 c6 9. a3 Bd6 10. Bd3 Qd8 11. e4 dxe4 12. Nxe4 Be7 13. O-O Nd7 14. c5 Qc7 15. Qe2 b6 16. b4 bxc5 17. bxc5 Rb8 18. Rfe1 Qa5 19. Nfd2 Qa4 20. Nc4 Ba6 21. Nc3 Qb3 {Dubov,D (2702)-Bluebaum,M (2673) Chess.com INT 2022 1-0 (36)}) ({RR} 7. e3 O-O 8. a3 Bd6 9. b4 Nd7 10. Be2 c6 11. O-O Qg6 12. Qb3 f5 13. a4 Qf6 14. b5 g5 15. a5 a6 16. bxa6 bxa6 17. cxd5 cxd5 18. Qa4 Qe7 19. Qc6 Ra7 20. Rab1 g4 21. Nh4 Rc7 {Cruz,F (2282)-Fuentes Guinot,A (2292) El Vendrell ESP 2026 1-0 (58)}) 7... Nc6 8. e3 O-O 9. Rc1 Bd7 $146 ({RR} 9... a6 10. a3 Bd6 11. Bd3 Bd7 12. Qc2 dxc4 13. Nxc4 e5 14. d5 Ne7 15. Be4 Ng6 16. O-O Nh4 17. Rfe1 Rac8 18. Nxh4 Qxh4 19. Bf5 Rcd8 20. Bxd7 Rxd7 21. Qb3 b5 22. Nxd6 cxd6 23. Rc6 f5 24. Rxa6 {Fus,J (2357)-Pacan Milej,K (2333) Szklarska Poreba 2020 ½-½ (89)}) ({RR} 9... a6 10. a3 Bd6 11. Bd3 Bd7 12. Qc2 dxc4 13. Nxc4 e5 14. d5 Ne7 15. Be4 Ng6 16. O-O Nh4 17. Rfe1 Rac8 18. Nxh4 Qxh4 19. Bf5 Rcd8 20. Bxd7 Rxd7 21. Qb3 b5 22. Nxd6 cxd6 23. Rc6 f5 24. Rxa6 {Fus,J (2357)-Pacan Milej,K (2333) Szklarska Poreba 2020 ½-½ (89)}) 10. cxd5 exd5 11. Qb3 Rfe8 12. a3 Ba5 13. Be2 Bg4 14. Qd3 Bf5 15. Qb5 Bb6 16. O-O Rad8 17. Rfe1 Ne7 18. Bd3 c6 19. Qb3 Ng6 20. Bxf5 Qxf5 21. Qc2 Qg4 22. b4 Re6 23. a4 Rde8 24. Nf1 Bc7 25. b5 Nh4 26. Nxh4 Qxh4 27. bxc6 bxc6 28. Qe2 Qxd4 29. Qa6 Qb6 30. Qd3 Qa5 31. Ra1 Bb6 32. Rec1 Rd8 33. Nd2 c5 34. Nf3 c4 35. Qc2 Rc6 36. Rd1 Rcc8 37. Rab1 a6 38. h4 c3 39. h5 Rd6 40. Rd3 Rc4 41. Ne5 Qxa4 42. Qxa4 Rxa4 43. Rxc3 g6 44. Rc8+ Kg7 45. hxg6 fxg6 46. Rb8 Re4 47. Rb7+ Kg8 48. Nxg6 Rxg6 49. R1xb6 Ree6 50. Rb4 Rg7 51. Rb8+ Kh7 52. Rd8 Reg6 53. g3 Rg5 54. Rd4 a5 55. Ra8 Rg4 56. Rxd5 Ra4 57. Rdxa5 Rb4 58. R5a7 Rb2 59. Kg2 Rbb7 60. Rxb7 Rxb7 61. Ra4 Rf7 62. Rd4 Rg7 63. f4 Rg8 64. e4 Kh8 65. e5 Kh7 66. Kf3 Ra8 67. f5 Kg7 68. Rd7+ Kf8 69. f6 Ra3+ 70. Kf4 Ra4+ 71. Kf5 Ra1 1-0

[Event "Titled Tue 29th Jul Early"]
[Site "chess.com INT"]
[Date "2025.07.29"]
[Round "10"]
[White "Andreikin, D."]
[Black "Bluebaum, M."]
[Result "1/2-1/2"]
[WhiteElo "2695"]
[BlackElo "2660"]
[PlyCount "139"]
[EventDate "2025.07.29"]

1. d4 d5 2. c4 e6 3. Nf3 Nf6 4. Bg5 Bb4+ 5. Nc3 h6 6. Bxf6 Qxf6 7. e3 c5 8. cxd5 exd5 9. Bb5+ Bd7 10. O-O Bxc3 11. Bxd7+ Nxd7 12. bxc3 O-O 13. Qb3 Qc6 14. a4 Rab8 15. Rfb1 Rfc8 16. h3 b6 ({RR} 16... Nf6 17. a5 Ne4 18. c4 cxd4 19. cxd5 Qg6 20. Rc1 Rc3 21. Rxc3 dxc3 22. Qc4 Re8 23. Rd1 Qf6 24. Rc1 Qf5 25. Qd4 Rd8 26. Qxa7 Qxd5 27. Qd4 Rd6 28. Qxd5 Rxd5 29. Nd4 Rc5 30. f3 Nf6 31. Nb3 {Le,Q (2728)-Caruana,F (2764) chess.com INT 2023 ½-½ (57)}) 17. Qb5 Qb7 ({RR} 17... Nf6 18. Nd2 Qc7 19. Qa6 cxd4 20. cxd4 Qc2 21. Rc1 Qxc1+ 22. Rxc1 Rxc1+ 23. Kh2 Rbc8 24. Qxa7 R8c2 25. Nf3 Rxf2 26. Ne5 Ne4 27. Qa8+ Kh7 28. Qxd5 Nd2 29. h4 Nf1+ 30. Kh3 Nxe3 31. Qe4+ f5 32. Qxe3 {Andreikin,D (2710)-Svane,F (2645) chess.com INT 2026 0-1 (52)}) 18. Qd3 c4 $146 ({RR} 18... g6 19. Rb2 c4 20. Qd2 Qc6 21. Nh2 Nf6 22. Nf3 Ne4 23. Qc2 Kg7 24. Ne5 Qe6 25. Rab1 Nd6 26. Rb4 Rb7 27. Qc1 f6 28. Nf3 Re7 29. Nd2 h5 30. Qa3 g5 31. a5 b5 32. Rxb5 Nxb5 33. Rxb5 {Livaic,L (2576)-Wagner,D (2569) Chess.com INT 2022 0-1 (68)}) ({RR} 18... g6 19. Rb2 c4 20. Qd2 Qc6 21. Nh2 Nf6 22. Nf3 Ne4 23. Qc2 Kg7 24. Ne5 Qe6 25. Rab1 Nd6 26. Rb4 Rb7 27. Qc1 f6 28. Nf3 Re7 29. Nd2 h5 30. Qa3 g5 31. a5 b5 32. Rxb5 Nxb5 33. Rxb5 {Livaic,L (2576)-Wagner,D (2569) Chess.com INT 2022 0-1 (68)}) 19. Qf5 a6 20. Ne5 Nxe5 21. Qxe5 Qc6 22. Rb4 Rb7 23. Rab1 Re8 24. Qf5 b5 25. R1b2 Reb8 26. Qe5 Kh7 27. Qf5+ Kg8 28. Qb1 g6 29. h4 h5 30. g3 Kg7 31. Kg2 Qe8 32. Kg1 Qc6 33. axb5 Rxb5 34. Rxb5 Rxb5 35. Qa2 Rxb2 36. Qxb2 a5 37. Qa3 a4 38. Kg2 Qb5 39. Qe7 Qa5 40. Qa3 Qb5 41. Qe7 Qa5 42. Qa3 Qa7 43. Kf3 Qa8 44. g4 hxg4+ 45. Kxg4 Qc8+ 46. Kg3 Qb8+ 47. Kg4 Qb3 48. Qd6 Qd1+ 49. Kg3 Qg1+ 50. Kf3 Qh1+ 51. Kg3 Qg1+ 52. Kf3 Qd1+ 53. Kg3 Qh1 54. Qe5+ Kh7 55. Qe8 Qg1+ 56. Kf3 Qh1+ 57. Ke2 Qxh4 58. Qxf7+ Kh6 59. Qf8+ Kh7 60. Qf7+ Kh6 61. Kd2 Qh2 62. Kc2 Qg1 63. Kb2 Qd1 64. Qf4+ Kh7 65. Qc7+ Kh6 66. Qh2+ Kg7 67. Qe5+ Kh6 68. Qh2+ Kg7 69. Qc7+ Kh6 70. Qh2+ 1/2-1/2

[Event "Titled Tue 4th Jul Early"]
[Site "chess.com INT"]
[Date "2023.07.04"]
[Round "10"]
[White "Ter Sahakyan, S."]
[Black "So, W."]
[Result "1/2-1/2"]
[WhiteElo "2604"]
[BlackElo "2769"]
[PlyCount "137"]
[EventDate "2023.07.04"]

1. d4 {Moradiabadi,Elshan} d5 2. c4 e6 3. Nf3 Nf6 4. g3 Bb4+ ({RR} 4... Be7 5. Bg2 O-O 6. O-O dxc4 7. Ne5 Nc6 8. Nxc6 bxc6 9. Na3 Bxa3 10. bxa3 Ba6 11. Qd2 Rb8 12. Qa5 Qc8 13. a4 Rd8 14. Ba3 Rxd4 15. Rfb1 Rb6 16. Bc5 Rd7 17. Rd1 h6 18. Rxd7 Nxd7 19. Bxb6) 5. Bd2 Be7 6. Bg2 Nbd7 7. Qc2 Ne4 8. O-O O-O 9. Bf4 c6 10. Nc3 g5 11. Bc1 ({RR} 11. Be3 Nd6 12. b3 Nf5 13. g4 Nxe3 14. fxe3 b5 15. e4 b4 16. exd5 bxc3 17. dxc6 Nb8 18. Qe4 f5 19. gxf5 exf5 20. Qd5+ Qxd5 21. cxd5 Na6 22. Rac1 Nc7 23. Ne5 f4 24. Nc4 Rd8 25. Rxc3 Nxd5) 11... f5 12. Rb1 ({RR} 12. b3 b6 13. Bb2 Bb7 14. Rad1 Qe8 15. Nd2 Nd6 16. Ba3 Rc8 17. Rfe1 Nf7 18. Qb2 Nf6 19. Bxe7 Qxe7 20. b4 Rfd8 21. e3 g4 22. cxd5 cxd5 23. b5 Rc7 ({RR} 23... h5 24. Ne2 h4 25. Nf4 h3 26. Bf1 Ne4) 24. Rc1 Rdc8 25. Ne2 Nd6 26. Rxc7 Rxc7 {So,W (2822)-Nakamura,H (2793) Saint Louis 2017 CBM 178 [Moradiabadi,Elshan] ½-½}) ({RR} 12. b3 Bf6 13. Bb2 Re8 14. Nxe4 dxe4 15. Ne5 Nxe5 16. dxe5 Be7 17. Rad1 Qc7 18. Qc3 Bf8 19. Kh1 a5 20. f3 exf3 21. exf3 Bb4 22. Qe3 Qe7 23. Rd6 f4 24. gxf4 Bxd6 25. exd6 Qxd6 26. Be5 Qe7 {Leenhouts,K (2467)-Spitzl,V (2359) Germany GER 2026 1-0 (36)}) ({RR} 12. b3 Bf6 13. Rd1 h5 14. Bb2 Qe7 15. a4 Qg7 16. e3 a5 17. Ne1 h4 18. Nd3 hxg3 19. hxg3 Rf7 20. Ne2 Bd8 21. f3 Nef6 22. Ne5 Nxe5 23. dxe5 Ne8 24. f4 gxf4 25. exf4 Nc7 26. Kf2 Na6 {Palachev,P (2322)-Ter Sahakyan,S (2604) Uralsk KAZ 2023 0-1 (64)}) 12... Bf6 13. Rd1 ({RR} 13. e3 b6 ({RR} 13... Qe7 14. b4 Nb6 15. Nxe4 fxe4 16. Nd2 Bd7 17. c5 Nc8 18. f3 exf3 19. Nxf3 Be8 20. e4 Bg6 21. Ne5 Qg7 22. Be3 Ne7 23. Nxg6 Qxg6 24. Rf2 Bg7 25. Rbf1 a6 26. a4 g4 27. Rxf8+ Rxf8 28. Rxf8+) 14. b4 g4 15. Nxe4 dxe4 16. Nd2 Bb7 17. Nxe4 fxe4 18. Qxe4 Qe7 19. b5 Rac8 20. Ba3 Qxa3 21. Qxe6+ Kh8 22. bxc6 Bxc6 23. Bxc6 Nb8 24. Bd5 Na6 25. Qxg4 Qe7 26. a3 Rcd8 27. Qe4 Qg7) 13... a5 $146 ({RR} 13... h6 14. b4 Nb6 15. c5 Nc4 16. Nxe4 fxe4 17. Ne5 Nxe5 18. dxe5 Bxe5 19. Bxe4 {½-½ (19) Linden,L (2146)-Granat,S (1964) Pori 2018}) 14. a3 Qe7 15. b4 axb4 16. axb4 Nb6 17. Nxe4 fxe4 18. Ne5 Bxe5 19. dxe5 Nxc4 20. Bxe4 Nxe5 21. Bg2 Nc4 22. e4 Na3 23. Bxa3 Rxa3 24. b5 Bd7 25. bxc6 bxc6 26. Rb7 Rf7 27. Rb8+ Rf8 28. Rb7 Rf7 29. Rb8+ Kg7 30. Qb2+ Kh6 31. Rg8 Ra4 32. h4 Rg7 33. hxg5+ Qxg5 34. Rxg7 Qxg7 35. Qb8 Kg6 36. Qf4 h5 37. Qd6 Ra1 38. Rxa1 Qxa1+ 39. Kh2 Qa7 40. exd5 cxd5 41. Bxd5 Qxf2+ 42. Bg2 Qf7 43. Be4+ Kg7 44. Qe5+ Kf8 45. Qd6+ Kg8 46. Qe5 Qf2+ 47. Kh3 Qf7 48. Kh4 Be8 49. Qg5+ Kf8 50. Qh6+ Ke7 51. Qg5+ Kd6 52. Qd2+ Ke5 53. Bc2 Qf6+ 54. Kh3 Qf1+ 55. Kh2 Bc6 56. Qc3+ Kd6 57. Qb4+ Kc7 58. Qa5+ Kd7 59. Qa7+ Kd6 60. Qd4+ Bd5 61. Qf4+ Qxf4 62. gxf4 Bf3 63. Kg3 Bg4 64. Kh4 Kd5 65. Bg6 Kd4 66. Bxh5 Bf5 67. Kg5 e5 68. Kxf5 exf4 69. Kxf4 1/2-1/2

[Event "Vladimir Petrov Memorial op"]
[Site "Jurmala"]
[Date "2015.03.08"]
[Round "10"]
[White "Fridman, Daniel"]
[Black "Ivanchuk, Vassily"]
[Result "1/2-1/2"]
[WhiteElo "2647"]
[BlackElo "2731"]
[PlyCount "136"]
[EventDate "2015.03.07"]
[EventType "swiss"]
[EventRounds "11"]
[EventCountry "LAT"]
[SourceTitle "CBM 165 Extra"]
[Source "ChessBase"]
[SourceDate "2015.04.21"]
[SourceVersion "1"]
[SourceVersionDate "2015.04.21"]
[SourceQuality "1"]

1. d4 {Fridman,Daniel} d5 2. Nf3 Nf6 3. c4 c6 4. Qc2 e6 5. g3 dxc4 6. Qxc4 b5 7. Qb3 Bb7 8. Bg2 a6 9. a4 ({RR} 9. Be3 Nbd7 10. a4 c5 11. axb5 Bd5 12. Qc2 cxd4 13. Bxd4 axb5 14. Rxa8 Qxa8 15. O-O Be7 16. Nc3 Bc6 17. Nh4 Bxg2 18. Nxg2 b4 19. Nb5 O-O 20. Rc1 h6 21. Na7 Bd6 22. Nc6 e5 23. Be3 Nd5 {Le,Q (2728)-Carlsen,M (2864) Miami 2022 0-1 (37)}) ({RR} 9. O-O c5 10. dxc5 Nbd7 11. Be3 Bxc5 ({RR} 11... Nxc5 12. Qc2 Rc8 13. Rd1 Ncd7) 12. Bxc5 Nxc5 13. Qb4 Rc8 14. Rc1 ({RR} 14. Nc3 O-O 15. Rfd1 Qc7) 14... Nd3 ({RR} 14... O-O 15. Nbd2 ({RR} 15. Rxc5 Qd6 16. Rxb5 Qd1+ 17. Qe1 Qxe1+ 18. Nxe1 axb5 19. Na3)) 15. Rxc8 Nxb4 16. Rxd8+ Kxd8 17. Nc3 Ke7 18. Ne5 Bxg2 19. Kxg2 Nd7 20. Nxd7 Kxd7 21. a3 Nd5 ({RR} 21... Nc6 22. Ne4 Kc7 23. Rc1 ({RR} 23. Ng5 h6) 23... h6) 22. Rd1 Kc6 23. Ne4 ({RR} 23. Nxd5 exd5 24. e3 Re8 25. Rc1+ ({RR} 25. Kf3 Re4) 25... Kd6 26. Kf3 h5) 23... f6 {Fridman,D (2653)-Pridorozhni,A (2524) Plovdiv 2012 CBM 148 [Fridman,Daniel] 1-0 (53)}) 9... c5 10. dxc5 ({RR} 10. axb5 c4 11. Qe3 axb5 12. Rxa8 Bxa8 13. O-O Be7 14. Qg5 O-O 15. Qxb5 Bd5 16. Nc3 Nc6 17. e3 Qa8 18. Qa4 Nb4 19. Qxa8 Rxa8 20. Ne5 Bxg2 21. Kxg2 Rc8 22. Bd2 Ne8 23. Na4 Nd5 24. Rc1 Nd6 {Odriozola Coscolin,A (2243)-Chang,E (1695) Benasque ESP 2026 1-0 (52)}) 10... Nbd7 11. Be3 Qa5+ $146 ({RR} 11... Bxc5 12. axb5 Bxe3 13. Qxe3 axb5 14. Rxa8 Qxa8 15. Qa3 {½-½ (15) Spirin,O (2436)-Volke,K (2461) Germany 2017}) ({RR} 11... Bxc5 12. axb5 Bxe3 13. Qxe3 axb5 14. Rxa8 Qxa8 15. O-O O-O 16. Qa3 Rc8 17. Qxa8 Bxa8 18. Nd4 Bxg2 19. Kxg2 b4 20. Rd1 Nb6 21. Nb3 Na4 22. Rd4 Rb8 23. Na5 e5 24. Rd2 h5 25. b3 Nc3 26. Nxc3 {Filip,L (2438)-Thybo,J (2525) Skopje 2019 ½-½ (50)}) 12. Nbd2 Bxc5 13. O-O Bd5 14. Qd3 Bxe3 15. Qxe3 bxa4 16. Qd4 O-O 17. Rxa4 Qb5 18. Rfa1 Rfb8 19. e4 Bc6 20. R4a2 h6 21. Bf1 Qb4 22. Rxa6 Rxa6 23. Rxa6 Qxd4 24. Nxd4 Bxe4 25. Nxe4 Nxe4 26. Ra2 Ndc5 27. Bc4 Rb4 28. b3 Nxb3 29. Bxb3 Rxd4 30. Ra8+ Kh7 31. Bc2 g6 32. Bxe4 Rxe4 33. h4 Kg7 34. Ra7 Kf6 35. Kg2 Rb4 36. Kf3 Rb5 37. Kg2 e5 38. Kf3 Ke6 39. Ra6+ Ke7 40. h5 e4+ 41. Kxe4 Rxh5 42. Kf3 Rb5 43. Kg2 h5 44. Rc6 Kf8 45. Ra6 Kg7 46. Rc6 g5 47. Ra6 f6 48. Rc6 Kg6 49. Rc4 Rb8 50. Ra4 Rh8 51. Rb4 h4 52. gxh4 Rxh4 53. Rb5 Rc4 54. Kg3 Rc3+ 55. Kg2 g4 56. Ra5 f5 57. Ra4 Kg5 58. Ra5 Rd3 59. Rb5 Kf4 60. Rb4+ Ke5 61. Rb5+ Ke4 62. Rb4+ Rd4 63. Rxd4+ Kxd4 64. f3 g3 65. Kxg3 Ke3 66. f4 Ke4 67. Kg2 Kxf4 68. Kf2 Ke5 1/2-1/2

[Event "Titled Tue 18th Jun Early"]
[Site "chess.com INT"]
[Date "2024.06.18"]
[Round "10"]
[White "Nihal, Sarin"]
[Black "Bluebaum, M."]
[Result "1-0"]
[WhiteElo "2669"]
[BlackElo "2647"]
[PlyCount "135"]
[EventDate "2024.06.18"]

1. d4 d5 2. c4 e6 3. Nf3 Nf6 4. e3 Bd6 5. Nc3 O-O 6. Qc2 ({RR} 6. Bd3 b6 7. cxd5 exd5 8. O-O c5 9. Ne5 Re8 10. f4 Ba6 11. Bxa6 Nxa6 12. Bd2 Nc7 13. Be1 cxd4 14. exd4 Ne4 15. Qf3 Nxc3 16. Bxc3 f6 17. Ng4 Qd7 18. f5 Re4 19. Rae1 Rae8 20. g3 a5 {Caruana,F (2796)-Firouzja,A (2744) chess.com INT 2024 1-0 (68)}) ({RR} 6. Bd3 dxc4 7. Bxc4 Nc6 8. O-O e5 9. d5 Ne7 10. e4 a6 11. Re1 Ng6 12. h3 Nh5 13. Bf1 Ngf4 14. Kh2 Bc5 15. Be3 Bxe3 16. Rxe3 Qd6 17. Rc1 Bd7 18. Nd2 Qh6 19. Nc4 Rae8 20. d6 c5 {Tudor,H (2460)-Bluebaum,M (2694) chess.com INT 2026 0-1 (73)}) 6... dxc4 $146 ({RR} 6... b6 7. cxd5 exd5 8. Bd3 a6 9. O-O Nbd7 10. Nxd5 Nxd5 11. Bxh7+ Kh8 12. Be4 N7f6 13. Bxd5 Nxd5 14. e4 Nb4 15. Qb3 a5 16. a3 Ba6 17. axb4 Bxf1 18. Kxf1 axb4 19. Rb1 c5 20. Ng5 Qd7 21. e5 {Yanchenko,R (2436)-Harutyunian,T (2487) Chess.com INT 2017 1-0 (60)}) ({RR} 6... b6 7. Bd3 dxc4 8. Bxc4 Bb7 9. e4 Bb4 10. Bd3 h6 11. O-O c5 12. Be3 cxd4 13. Nxd4 Nbd7 14. Rad1 Rc8 15. Nde2 Qe7 16. a3 Bc5 17. Bf4 a5 18. Ng3 Rfd8 19. h4 Ng4 20. Nge2 Qxh4 21. Bg3 {Binboga,Y (2221)-Khamdamova,A (2423) chess.com INT 2026 0-1 (41)}) 7. Bxc4 Nc6 8. O-O e5 9. h3 h6 10. a3 Qe8 11. Bd3 a6 12. Bd2 Qe7 13. Ne4 Re8 14. Rfe1 Kh8 15. Bc3 Nd5 16. Nxd6 cxd6 17. Be4 Nxc3 18. Qxc3 Bd7 19. dxe5 dxe5 20. Red1 f5 21. Bd5 Rac8 22. Qb3 b5 23. Rac1 e4 24. Bxc6 Bxc6 25. Nd4 Bd7 26. Qd5 Rf8 27. Rxc8 Bxc8 28. Rc1 f4 29. Qc5 Qf6 30. Qc6 Qe7 31. Qc7 Qh4 32. Qd6 Rd8 33. Qe5 fxe3 34. fxe3 Bxh3 35. gxh3 Qxh3 36. Qf4 Rd5 37. Kf2 Rg5 38. Rg1 Rxg1 39. Kxg1 Qh5 40. Qxe4 Qd1+ 41. Kf2 Qd2+ 42. Ne2 Qxb2 43. Qa8+ Kh7 44. Qxa6 h5 45. Qe6 Qxa3 46. Qf5+ g6 47. Qxb5 Qf8+ 48. Nf4 Qd6 49. Kf3 Qf6 50. Qd7+ Kh6 51. Qe8 Qf5 52. Qh8+ Kg5 53. Qd8+ Kh6 54. Qe8 h4 55. Qh8+ Kg5 56. Qd8+ Qf6 57. Qxf6+ Kxf6 58. Kg4 g5 59. Nh3 Ke5 60. Nxg5 h3 61. Kxh3 Kf5 62. Kh4 Ke5 63. Kg4 Kd6 64. Kf4 Kd7 65. e4 Kd8 66. e5 Kc8 67. Kf5 Kb7 68. e6 1-0

[Event "Olympic Esports Final"]
[Site "Singapore SGP"]
[Date "2023.06.24"]
[Round "2.1"]
[White "Nguyen Ngoc Truong Son"]
[Black "Rakhmanov, Ale"]
[Result "1/2-1/2"]
[WhiteElo "2645"]
[BlackElo "2620"]
[PlyCount "135"]
[EventDate "2023.06.24"]
[EventType "k.o."]

1. d4 {Stockfish 16.1} d5 2. c4 e6 ({RR} 2... Nc6 3. Nc3 dxc4 4. Nf3 Nf6 5. e4 Bg4 6. d5 Ne5 7. Bf4 ({RR} 7. Qa4+) ({RR} 7. Be2) 7... Nfd7 ({RR} 7... Ng6 8. Be3 ({RR} 8. Bg3 e5 9. dxe6 Qxd1+ 10. Rxd1 Bxe6 11. Nd4 Bb4 12. Nxe6 fxe6 13. f3 e5 14. Bxc4 Ke7 15. Ke2 ({RR} 15. O-O Rad8)) 8... e5 9. Bxc4 Bd6 10. O-O a6 11. Be2 O-O 12. Nd2 Bxe2 13. Qxe2 h6 14. g3 Qd7 15. f3 Nh7 16. Rac1 f5 17. exf5 Rxf5 18. Nce4 Raf8 19. Nc4 Ne7 20. Rcd1 b5 21. Na5 Bb4 22. Nb3) 8. Be2 Bxf3 9. gxf3 g6 10. Be3 Bg7 11. f4 Nd3+ 12. Bxd3 cxd3 13. Qxd3 O-O ({RR} 13... Nf6 14. Qb5+ Qd7 15. O-O-O Qxb5 16. Nxb5 Kd7 17. e5 Nh5 18. e6+ Kc8 19. f5 a6 20. Nd4 Bxd4 21. Bxd4 f6 22. Be3 b6 23. fxg6 hxg6 24. Rhg1 Rg8 25. h4 Kb7 26. Rg4 Rad8 27. a4 Rd6 28. a5) 14. O-O-O Nf6 15. e5 Nh5 16. Ne4 e6 17. Ng3 ({RR} 17. d6 cxd6 18. Nxd6 Qa5 19. Kb1)) 3. Nf3 a6 4. cxd5 exd5 5. Nc3 h6 6. Bf4 Nf6 7. e3 Bd6 8. Be5 c6 9. Bd3 O-O 10. h3 Re8 11. Bxd6 ({RR} 11. O-O Bxe5 12. Nxe5 c5 13. a4 cxd4 14. exd4 Nc6 15. Nxc6 bxc6 16. a5 Rb8 17. Qd2 Ne4 18. Nxe4 dxe4 19. Bc4 Qd6 20. Rfe1 c5 21. d5 Bd7 22. Rac1 f5 23. Qc3 f4 24. Bf1 Rbc8 25. Qb3 e3 {Lazavik,D (2782)-Carlsen,M (2903) Chess.com 2024 [Stockfish 16.1] ½-½ (84)}) ({RR} 11. Qc2 Bxe5 12. Nxe5 c5 13. O-O Qd6 14. Bf5 Bxf5 15. Qxf5 cxd4 16. exd4 Nc6 17. Nxc6 Qxc6 18. Rac1 Qb6 19. Nxd5 Nxd5 20. Qxd5 Rad8 21. Qf3 Qxb2 22. Rb1 Qxa2 23. Qxb7 Rxd4 24. Ra1 Qc4 25. Qxa6 Qxa6 {Vakhidov,J (2516)-Rakhmanov,A (2585) Tashkent UZB 2026 ½-½}) 11... Qxd6 12. O-O ({RR} 12. Qc2 b6 13. O-O c5 14. dxc5 bxc5 15. Rfd1 Bb7 16. e4 dxe4 17. Bxe4 Qe7 18. Bxb7 Qxb7 19. Na4 Nbd7 20. b3 Rac8 21. Re1 Qb4 22. Rxe8+ Rxe8 23. Rd1 a5 24. Qf5 Re6 25. Rc1 g6 26. Qd3 Re4 {Rubio Tent,F (2349)-Torres Rebolledo,V (2234) Benasque ESP 2026 ½-½ (61)}) 12... Nbd7 13. Qc2 Qe7 $146 ({RR} 13... Nf8 14. Rac1 Ne6 15. Na4 Bd7 16. Ne5 Re7 17. Qb3 Be8 18. Qa3 Qxa3 19. bxa3 Ne4 20. Nb6 Rd8 21. a4 f6 22. Nf3 g5 23. Rc2 Kg7 24. a5 Nd6 25. Rb1 Bg6 26. Bxg6 Kxg6 27. Ne1 h5 28. Nd3 {Tin,J (2583)-Jacobsen,M (2223) London ENG 2025 1-0 (64)}) 14. Rfe1 Ne4 15. Nd2 Nxd2 16. Qxd2 Nf6 17. a3 Be6 18. b4 b5 19. Rec1 Nd7 20. Ne2 Rac8 21. a4 Nb6 22. axb5 axb5 23. Ra6 Nc4 24. Qc3 Qg5 25. Nf4 Bf5 26. h4 Qg4 27. f3 Qxh4 28. Bxf5 Rxe3 29. Nd3 Rce8 30. Ra2 Qg5 31. Bd7 Rxd3 32. Qxd3 Qxc1+ 33. Kh2 Qf4+ 34. g3 Qe3 35. Qxe3 Rxe3 36. Bxc6 Rxf3 37. Bxd5 Rb3 38. Ra8+ Kh7 39. Bxf7 Rxb4 40. Ra6 Rb2+ 41. Kh3 g5 42. Bxc4 bxc4 43. Rc6 h5 44. d5 Rd2 45. Rxc4 Rxd5 46. Rc6 Kg7 47. Ra6 Rf5 48. Rb6 Rf6 49. Rb5 Kg6 50. Kg2 Re6 51. Ra5 Kf6 52. Rb5 Re5 53. Rb8 Kf5 54. Rb2 Re4 55. Ra2 Kg4 56. Rb2 Rd4 57. Ra2 h4 58. gxh4 Kxh4 59. Kh2 Kg4 60. Kg2 Kf4 61. Rf2+ Ke3 62. Rf3+ Ke4 63. Rf8 Rd5 64. Kg3 Rf5 65. Re8+ Kd5 66. Kg4 Re5 67. Rxe5+ Kxe5 68. Kxg5 1/2-1/2

[Event "2nd 3-0 Thu 21st May 2026"]
[Site "chess.com INT"]
[Date "2026.05.21"]
[Round "3"]
[White "Ter Sahakyan, S."]
[Black "Lazavik, Denis"]
[Result "0-1"]
[WhiteElo "2613"]
[BlackElo "2621"]
[PlyCount "134"]
[EventDate "2026.05.21"]

1. d4 d5 2. c4 c6 3. Nf3 Nf6 4. Nc3 e6 5. Bg5 h6 6. Bxf6 Qxf6 7. Qb3 a5 8. e3 g6 $146 ({RR} 8... a4 9. Nxa4 dxc4 10. Bxc4 b5 11. Bxb5 cxb5 12. Nb6 Bb7 13. Nxa8 Bxa8 14. Qxb5+ Nd7 15. Ne5 Qd8 16. Rc1 Bxg2 17. Rg1 Bd5 18. Nxd7 Qxd7 19. Qb8+ Qd8 20. Rc8 Bb4+ 21. Ke2 Bc4+ 22. Kf3 Bd5+ 23. e4 {Obodchuk,A-Retinsky,V Simferopol 1989 1-0}) ({RR} 8... a4 9. Nxa4 dxc4 10. Bxc4 Nd7 11. Nc3 g6 12. O-O Bg7 13. e4 O-O 14. e5 Qe7 15. Rfe1 Rd8 16. Rad1 b5 17. Bd3 Rb8 18. h4 c5 19. Bxb5 cxd4 20. Rxd4 Bb7 21. Rxd7 Rxd7 22. Bxd7 Qxd7 23. Re4 {Navara,D (2734)-Ding,L (2766) Huaian 2016 0-1 (40)}) ({RR} 8... Nd7 9. Bd3 dxc4 10. Qxc4 g6 11. O-O Bg7 12. e4 e5 13. d5 O-O 14. Rfd1 Nb6 15. Qb3 cxd5 16. exd5 Bg4 17. Be4 Qd6 18. Nb5 Qb4 19. Qxb4 axb4 20. d6 Bd7 21. Nc7 Ra7 22. Rac1 Rxa2 23. b3 {Navara,D (2648)-Korobov,A (2587) Czech Republic CZE 2026 ½-½ (51)}) ({RR} 8... Bd6 9. Be2 Nd7 10. O-O O-O 11. Rfd1 Qe7 12. e4 dxc4 13. Qxc4 e5 14. d5 Nb6 15. Qb3 Bc5 16. dxc6 bxc6 17. Na4 Be6 18. Qc2 Nxa4 19. Qxa4 Qa7 20. Nxe5 Bxf2+ 21. Kh1 c5 22. Rd2 Qc7 23. Nf3 {Hertneck,G (2520)-Klebel,M (2370) Badenweiler 1990 1-0 (44)}) 9. Be2 Bg7 10. O-O O-O 11. e4 a4 12. Qc2 dxe4 13. Nxe4 Qe7 14. Rfe1 a3 15. b3 Na6 16. Rad1 b6 17. c5 bxc5 18. Bxa6 Bxa6 19. Nxc5 Bb5 20. Qc3 Rfd8 21. b4 Rd5 22. h3 Qa7 23. Re3 Qc7 24. Rde1 Qa7 25. Re4 Rad8 26. R1e3 Ra8 27. Qc1 h5 28. Rc3 Bf6 29. Qe3 Kg7 30. h4 Rf5 31. Ng5 Bxg5 32. hxg5 Qe7 33. Re5 Qd6 34. Qe4 Rxe5 35. Qxe5+ Qxe5 36. dxe5 Be2 37. f3 Bb5 38. Kf2 h4 39. Ke3 Rd8 40. Rxa3 Rd5 41. Ra7 Rxe5+ 42. Kf4 Rf5+ 43. Kg4 Bc4 44. Ne4 Bf1 45. Nf6 Bxg2 46. f4 h3 47. Ra8 Rxf6 48. gxf6+ Kxf6 49. Kg3 c5 50. Rb8 c4 51. Rc8 Bd5 52. b5 Ke7 53. b6 Kd7 54. Rc7+ Kd6 55. a4 Bc6 56. a5 c3 57. a6 c2 58. a7 c1=Q 59. a8=Q Qg1+ 60. Kh4 Qf2+ 61. Kg5 Qg3+ 62. Kf6 Bxa8 63. Kg7 Qxf4 64. Kf8 Kd5 65. Rc8 Ke4 66. Rd8 Kf3 67. Re8 Qd6+ 0-1